00634cam a22001934a 450000500170000000800410001701000140005802000260007203500130009803700130011104000080012408200160013210000230014824500470017126000340021827000460025230000830029850000590038120021004080932.0010305s2002 njua b 001 0 eng  aENG-95397 a9788120338319c375.00 aEN-78930 bDBAD/PUB aDPL a005.133221 aJohnston, Barbara. aC++ programming today /cBarbara Johnston. aNew DelhibPHI Learningc2009 aM-97, Connaught CircusbNew Delhie110001 axxiv, 634 p. :bcol. ill. ;c24 cm. (Pbk)e1 computer optical disc (4 3/4 in.) aIncludes bibliographical references (p. 685) and index